000
00360nam a2200133Ia 4500
008
151001s9999||||xx |||||||||||||| ||und||
100
_a
S B Gokhle
245
_a
Writing Skills In English
250
_a
1
260
_b
K Sagar
260
_c
2005
300
_a
147
365
_b
21
999
_c
983656
_d
983653